<?xml version="1.0" encoding="UTF-8"?>
<marc:record xmlns:marc="http://www.loc.gov/MARC21/slim">
   <marc:leader>00000nam a2200000 a 4500</marc:leader>
   <marc:datafield ind1="1" ind2=" " tag="100">
      <marc:subfield code="a">Schmidbauer, Lea</marc:subfield>
   </marc:datafield>
   <marc:datafield ind1="0" ind2="0" tag="245">
      <marc:subfield code="a">Ostwind 5</marc:subfield>
   </marc:datafield>
   <marc:datafield ind1="0" ind2="0" tag="245">
      <marc:subfield code="b">Der große Orkan</marc:subfield>
   </marc:datafield>
   <marc:datafield ind1=" " ind2="1" tag="264">
      <marc:subfield code="c">2021</marc:subfield>
   </marc:datafield>
   <marc:datafield ind1="1" ind2=" " tag="520">
      <marc:subfield code="a">Das große Finale der Ostwind-Reihe! Ein heftiger Sommersturm treibt eine reisende Pferde-Zirkus-Show nach Kaltenbach. Ari, die sich mittlerweile gut auf dem Gestüt eingelebt hat, wird von der faszinierenden Welt des Kunstreitens magisch angezogen und will mit dem Zirkusjungen Carlo und Ostwinds Hilfe einem alten Showpferd helfen. Doch als der fanatische Zirkusdirektor Yiri ihren waghalsigen Plan enttarnt, gerät Ostwind in Gefahr. Im letzten Moment kehrt Mika aus Kanada zurück, denn nur mit vereinten Kräften kann es Mika und Ari gelingen, ihren geliebten Ostwind zu retten</marc:subfield>
   </marc:datafield>
   <marc:datafield ind1="0" ind2=" " tag="490">
      <marc:subfield code="v">0</marc:subfield>
   </marc:datafield>
   <marc:datafield ind1=" " ind2=" " tag="300">
      <marc:subfield code="a">98 min</marc:subfield>
   </marc:datafield>
</marc:record>
